| 000 | 00448nam a22001697a 4500 | ||
|---|---|---|---|
| 003 | SGT | ||
| 020 | _a9788123928586 | ||
| 082 | _a530.13,CHA | ||
| 100 | _aSURESH CHANDRA | ||
| 245 | _aA TEXTBOOK OF STATISTICAL MECHANICS | ||
| 250 | _a2ND | ||
| 260 |
_aNEW DELHI _bCBS PUBLISHERS _c2016 |
||
| 300 | _a341 | ||
| 650 | _aPHYSICS (STATISTICAL MECHANICS) | ||
| 653 | _aTHERMODYNAMICS, FUNDAMENTALS, MICROCANONICAL ENSEMBLE | ||
| 942 |
_2ddc _cFPS _021 |
||
| 999 |
_c9424 _d9424 |
||